000 00634cam a2200217 a 4500
001 000007764
005 20200929154306.0
008 801023s1978 sp s001 j spa
020 _a8485321111
040 _aDO-SdBNP
_bspa
_dBNPHU
082 _aV863.4
_bU86t, 1978
100 1 _aUslar Pietri, Arturo,
_d1906-2001.
_912623
245 1 0 _aTreinta cuentos :
_bantologĂ­a /
_cArturo Uslar Pietri.
250 _a3a ed.
260 _aCaracas :
_bMonte Avila,
_c1978.
300 _a332 p. ;
_c18 cm.
490 1 _aContinentes
650 4 _aCuentos venezolanos
_93815
650 4 _aLiteratura venezolana
_93816
830 0 _aContinentes
_95341
999 _c7542
_d7542